000 00420nam a2200181Ia 4500
001 7428
005 20260306160454.0
008 260306t2017||||xx |||||||||||||| ||spa||
041 _aESP
082 _a338.985
_bO693
100 _aOxford Business Group
_eAUT
245 4 _aThe report:
_bPerú 2017
260 _c2017
300 _a248 páginas
_c30 cm.
650 _aGEN
654 _aCAN
942 _cLIB
_dJUS
_fJUS
_2ddc
_n
999 _c7428
_d7428